Normal view
MARC view
Entry Personal Name
001 - CONTROL NUMBER
- control field: 823761
003 - CONTROL NUMBER IDENTIFIER
- control field: OSt
005 - DATE AND TIME OF LATEST TRANSACTION
- control field: 20250923144330.0
008 - FIXED-LENGTH DATA ELEMENTS
- fixed length control field: 250923|| aca||aabn | a|a d
040 ## - CATALOGING SOURCE
- Original cataloging agency: OSt
- Transcribing agency: OSt
100 ## - HEADING--PERSONAL NAME
- Personal name: Greisheimer, Esther
670 ## - SOURCE DATA FOUND
- Source citation: Work cat.: (OSt)1437548: Greisheimer, Esther , Psychology and anatomy, 1937
